Fr. Conceicao Rodrigues College of Engineering

Metal cutting Principles (Record no. 31476)

MARC details
000 -LEADER
fixed length control field 00372nam a2200169Ia 4500
082 ## - DEWEY DECIMAL CLASSIFICATION NUMBER
Classification number 671.53/SHA
Item number SHA
100 ## - MAIN ENTRY--PERSONAL NAME
Personal name Shaw/Milton C
245 ## - TITLE STATEMENT
Title Metal cutting Principles
260 ## - PUBLICATION, DISTRIBUTION, ETC.
Name of publisher, distributor, etc. Oxford university press
Place of publication, distribution, etc. Mumbai
Date of publication, distribution, etc. 2004
366 ## - TRADE AVAILABILITY INFORMATION
Publishers's discount category 1
300 ## - PHYSICAL DESCRIPTION
Extent 651
546 ## - LANGUAGE NOTE
Language note ENGLISH
650 ## - SUBJECT ADDED ENTRY--TOPICAL TERM
Topical term or geographic name entry element Metal cutting
654 ## - SUBJECT ADDED ENTRY--FACETED TOPICAL TERMS
Focus term metal cutting
942 ## - ADDED ENTRY ELEMENTS (KOHA)
Koha item type BOOK
Holdings
Withdrawn status Lost status Damaged status Not for loan Collection Home library Current library Date acquired Source of acquisition Cost, normal purchase price Inventory number Total Checkouts Full call number Barcode Date last seen Cost, replacement price Price effective from Koha item type
        CRC Fr. Agnel's C.Rodrigues College of Engineering Fr. Agnel's C.Rodrigues College of Engineering 17/03/2023 Professional Book house 374.00 115 dt 16/08/2008   671.53/SHA SHA 18899 17/03/2023 375.00   BOOK
        CRC Fr. Agnel's C.Rodrigues College of Engineering Fr. Agnel's C.Rodrigues College of Engineering 17/03/2023 Professional Book house 374.00 115 dt 16/08/2008   671.53/SHA SHA 18900 17/03/2023 375.00   BOOK
        CRC Fr. Agnel's C.Rodrigues College of Engineering Fr. Agnel's C.Rodrigues College of Engineering 17/03/2023 Professional Book house 374.00 115 dt 16/08/2008   671.53/SHA SHA 18901 17/03/2023 375.00   BOOK